Fractal analysis :basic concepts and applications / (Record no. 4389)

000 -LEADER
fixed length control field 02250cam a22003378i 4500
001 - CONTROL NUMBER
control field 22307487
003 - CONTROL NUMBER IDENTIFIER
control field OSt
005 - DATE AND TIME OF LATEST TRANSACTION
control field 20250210125636.0
008 - FIXED-LENGTH DATA ELEMENTS--GENERAL INFORMATION
fixed length control field 211112s2022 nju b 001 0 eng
010 ## - LIBRARY OF CONGRESS CONTROL NUMBER
LC control number 2021054614
020 ## - INTERNATIONAL STANDARD BOOK NUMBER
International Standard Book Number 9789811239434
Qualifying information (hardcover)
020 ## - INTERNATIONAL STANDARD BOOK NUMBER
Cancelled/invalid ISBN 9789811239441
Qualifying information (ebook)
020 ## - INTERNATIONAL STANDARD BOOK NUMBER
Cancelled/invalid ISBN 9789811239458
Qualifying information (ebook other)
040 ## - CATALOGING SOURCE
Original cataloging agency DLC
Language of cataloging eng
Description conventions rda
Transcribing agency DLC
Modifying agency DLC
042 ## - AUTHENTICATION CODE
Authentication code pcc
050 00 - LIBRARY OF CONGRESS CALL NUMBER
Classification number QA614.86.C38 2022
082 00 - DEWEY DECIMAL CLASSIFICATION NUMBER
Classification number 514/.742
Edition number 23/eng/20220104
100 1# - MAIN ENTRY--PERSONAL NAME
Personal name Cattani, Carlo,
Dates associated with a name 1954-
Relator term author.
245 10 - TITLE STATEMENT
Title Fractal analysis :basic concepts and applications /
Statement of responsibility, etc Carlo Cattani, Anouar Ben Mabrouk, & Sabrine Arfaoui,
260 ## - PUBLICATION, DISTRIBUTION, ETC. (IMPRINT)
Place of publication, distribution, etc New Jersey
Name of publisher, distributor, etc Word Scientific
Date of publication, distribution, etc 2022
300 ## - PHYSICAL DESCRIPTION
Extent xvii, 221 pages :
Other physical details illustrations ;
Dimensions 24 cm
490 0# - SERIES STATEMENT
Series statement Series on advances in mathematics for applied sciences,
International Standard Serial Number 1793-0901
504 ## - BIBLIOGRAPHY, ETC. NOTE
Bibliography, etc Includes bibliographical references and index.
520 ## - SUMMARY, ETC.
Summary, etc "The aim of this book is to provide a basic and self-contained introduction to the ideas underpinning fractal analysis. The book illustrates some important applications issued from real data sets, real physical and natural phenomena as well as real applications in different fields, and consequently, presents to the readers the opportunity to implement fractal analysis in their specialties according to the step-by-step guide found in the book. Besides advanced undergraduate students, graduate students and senior researchers, this book may also serve scientists and research workers from industrial settings, where fractals and multifractals are required for modeling real-world phenomena and data, such as finance, medicine, engineering, transport, images, signals, among others. For the theorists, rigorous mathematical developments are established with necessary prerequisites that make the book self-containing. For the practitioner often interested in model building and analysis, we provide the cornerstone ideas"--
650 #0 - SUBJECT ADDED ENTRY--TOPICAL TERM
Topical term or geographic name as entry element Fractal analysis.
700 1# - ADDED ENTRY--PERSONAL NAME
Personal name Ben Mabrouk, Anouar,
Relator term author.
700 1# - ADDED ENTRY--PERSONAL NAME
Personal name Arfaoui, Sabrine,
Relator term author.
906 ## - LOCAL DATA ELEMENT F, LDF (RLIN)
a 7
b cbc
c orignew
d 1
e ecip
f 20
g y-gencatlg
942 ## - ADDED ENTRY ELEMENTS (KOHA)
Source of classification or shelving scheme
Koha item type Book
Holdings
Withdrawn status Lost status Source of classification or shelving scheme Damaged status Not for loan Home library Current library Shelving location Date acquired Total Checkouts Full call number Barcode Date last seen Copy number Price effective from Koha item type
          Riara University Library Riara University Library General stack 10/02/2025   QA614.86.C38 2022 10770/25 10/02/2025 C.1 10/02/2025 Book
          Riara University Library Riara University Library General stack 10/02/2025   QA614.86.C38 2022 10771/25 10/02/2025 C.2 10/02/2025 Book

Riara University Library,
P.O. Box 49940-00100,
Nairobi, Kenya.